Κατάλογος Βιβλιοθηκών Mediterranean College

Business for Higher Awards / Second Edition (Record no. 1511)

MARC details
000 -LEADER
fixed length control field 01721cam a22002294a 4500
005 - ΗΜΕΡΟΜΗΝΙΑ ΚΑΙ ΩΡΑ ΤΕΛΕΥΤΑΙΑΣ ΕΝΗΜΕΡΩΣΗΣ
Πεδίο ελέγχου 20250605164011.0
008 - FIXED-LENGTH DATA ELEMENTS--GENERAL INFORMATION
Πεδίο ελέγχου σταθερού μήκους 250528s ||||||||||||||||||||||||d
035 ## - SYSTEM CONTROL NUMBER
System control number 15964
020 ## - ISBN
ISBN 435453149
040 ## - ΠΗΓΗ ΚΑΤΑΛΟΓΟΓΡΑΦΗΣΗΣ
Φορέας πρωτότυπης καταλογογράφησης MC Athens Campus Library
Γλώσσα καταλογογράφησης Ελληνικά, Μοντέρνα (1453-)
Modifying agency MC Athens Campus Library
Κανόνες περιγραφικής καταλογογράφησης AACR2
245 1# - ΤΙΤΛΟΣ ΚΑΙ ΔΗΛΩΣΗ ΥΠΕΥΘΥΝΟΤΗΤΑΣ
Τίτλος Business for Higher Awards / Second Edition
260 ## - PUBLICATION, DISTRIBUTION, ETC.
Name of publisher, distributor, etc. Heinemann Professional Publishing,
Date of publication, distribution, etc. 2003
300 ## - PHYSICAL DESCRIPTION
Extent 688
520 ## - SUMMARY, ETC.
Summary, etc. This book gives you a firm foundation in business skills and from which you can go on to develop specialist knowledge and skills. Introduction, Marketing, Marketing Process, Target Marketing, Marketing Mix, Market Segments, Managing Financial Resources, Sources of Finance, Finance as a Resource, Financial Performance, Financial Decisions, Organizations and Behavior, Approaches to Management, Organizational Structure and Culture, Motivation Theories and Management Practices, The Behavior of Individuals, Groups and Group Dynamics, Organizations and Competition and Environment, Objectives and Purposes of Organizations, Local and National Economy, Local and National Economy, External Market Factors, The European Dimension, Quantitative Techniques for Business, Statistical Techniques, Formalized Procedures, Quantitative Techniques, Legal and Regulatory Framework, Principles of Law, Consumer Protection Legislation, Employment Protection Legislation, Management Information Systems, Purpose and Scope, IT Systems and Applications, Business Strategy, Strategy Planning, Strategy Formulation, Strategy Implementation Index.
700 1# - ΠΡΟΣΘΕΤΗ ΑΝΑΓΡΑΦΗ--ΦΥΣΙΚΟ ΠΡΟΣΩΠΟ
Personal name Coles Martin
9 (RLIN) 2008
700 1# - ΠΡΟΣΘΕΤΗ ΑΝΑΓΡΑΦΗ--ΦΥΣΙΚΟ ΠΡΟΣΩΠΟ
Personal name Dransfield Rob
9 (RLIN) 2009
700 1# - ΠΡΟΣΘΕΤΗ ΑΝΑΓΡΑΦΗ--ΦΥΣΙΚΟ ΠΡΟΣΩΠΟ
Personal name Harris Rod
9 (RLIN) 1978
700 1# - ΠΡΟΣΘΕΤΗ ΑΝΑΓΡΑΦΗ--ΦΥΣΙΚΟ ΠΡΟΣΩΠΟ
Personal name Needham Dave
9 (RLIN) 2010
942 ## - ADDED ENTRY ELEMENTS (KOHA)
Koha item type Books
Holdings
Τύπος τεκμηρίου Βιβλιοθήκη Τρέχουσα τοποθεσία Barcode Αριθμός εισαγωγής Ημερομηνία απόκτησης Ταξιθετικό σύμβολο Αριθμός αντιτύπου Κατάσταση απόσυρσης Κατάσταση χαμένου Κατάσταση κατεστραμμένου Μη δανεισμός Σύνολο δανεισμών Ημερομηνία τελευταίας εμφάνισης Η τιμή ισχύει από
Books MC Athens Campus Library MC Athens Campus Library 9780000015105 2585 05/06/2025 650.0711 NEE 1           05/06/2025 05/06/2025

MC Athens Campus Library
Πατησίων 94 & Κοδριγκτώνος 13, 104 34
Πελλήνης 8 & Πατησίων 107, 112 51
Τ: +30 210 8899600

MC Thessaloniki Campus Library
Ίωνος Δραγούμη 21, 54625 | Ίωνος Δραγούμη 15, 54625
Τ: +30 2310 287779 – Τ: +30 2314 440300